|
|
|
|
| LEADER |
00000cam a2200000 a 4500 |
| 001 |
vtls001103919 |
| 003 |
SK-MaSNL |
| 005 |
20260301062527.0 |
| 008 |
250313s1981 xo a n 000 0 slo |
| 015 |
|
|
|a SNBA1981/12
|
| 035 |
|
|
|a SNK000046761
|
| 035 |
|
|
|a urn:nbn:sk:snk-amkvh1
|
| 035 |
|
|
|a urn:nbn:sk:snk-am008wvx
|
| 035 |
|
|
|a 5DE1C895-143A-46E2-AEF5-D552A19AC936
|
| 035 |
|
|
|a urn:nbn:sk:snk-am007b2w
|
| 035 |
|
|
|a CCE60B1F-D0CB-4D40-9653-60A733B77EB3
|
| 040 |
|
|
|a SNK
|b slo
|c SNK
|e AACR2
|
| 041 |
0 |
|
|a slo
|
| 044 |
|
|
|a xo
|c SK
|
| 080 |
|
|
|a 681.515+532.2(075.8)(076.5)
|2 1981
|
| 080 |
|
|
|a 532.2(075.8)(076.5)
|2 1981
|
| 100 |
1 |
|
|a Danko, Ján,
|d 1941-
|4 aut
|9 29225
|
| 245 |
1 |
0 |
|a Príklady a návody na cvičenia z predmetu meracia a regulačná technika
|c Ján Danko, Vlastimil Suchánek
|
| 250 |
|
|
|a 4. vyd.
|
| 260 |
|
|
|a Bratislava
|b Slovenská vysoká škola technická
|c 1981
|
| 300 |
|
|
|a 228 s., 1 tb. príl.
|b grafy, sch., tab.
|c 29 cm
|
| 366 |
|
|
|e 100 výt.
|
| 500 |
|
|
|a Schválil Rektorát SVŠT v Bratislave ako skriptum
|
| 504 |
|
|
|a Bibliogr.
|
| 650 |
0 |
7 |
|a regulačná technika
|2 SNKPH
|9 67888
|
| 650 |
0 |
7 |
|a hydrostatika
|2 SNKPH
|9 69800
|
| 650 |
0 |
7 |
|a meranie
|2 SNKPH
|9 884
|
| 655 |
|
7 |
|a učebnice vysokých škôl
|2 SNKPH
|9 70191
|
| 700 |
1 |
|
|a Suchánek, Vlastimil
|4 aut
|9 377004
|
| 852 |
|
|
|a Slovenská národná knižnica
|
| 958 |
|
|
|a OND
|
| 958 |
|
|
|a NB
|
| 958 |
|
|
|a UV
|
| 999 |
|
|
|c 620995
|d 622925
|
| 952 |
|
|
|a SNK
|b SNK
|y VYP
|7 0
|o snkSB 30661 D1
|i snkKSP 10229/81
|0 0
|1 0
|4 0
|d 2014-11-03
|l 0
|r 2026-02-23 16:55:04
|w 2026-02-23
|
| 952 |
|
|
|a SNK
|b SNK
|y PREZ
|7 0
|p 17A0998744
|o snkSB 30661
|i snkKSP 10228/81
|0 0
|1 0
|4 0
|d 2013-07-10
|f 1
|l 0
|r 2025-04-04 00:00:00
|w 2026-02-23
|
| 952 |
|
|
|a SNK
|b SNK
|y PREZ
|7 0
|p 17A1022214
|o snkSB 30661/príl.
|i snkKSP 10228/81
|3 Príloha: 1 tab. príl.
|z Príloha: 1 tab. príl.
|0 0
|1 0
|4 0
|d 2013-07-10
|f 1
|l 0
|r 2025-04-04 00:00:00
|w 2026-02-23
|